| 000 | 00350nam a2200145Ia 4500 | ||
|---|---|---|---|
| 008 | 210210b1965 xxu||||| |||| 00| 0 eng d | ||
| 082 | _a512.7 REIF | ||
| 100 | _aREICHMANN (W J). | ||
| 245 | _aFascination of numbers. | ||
| 260 |
_aLondon _bUniversity Paperbacks _c1965 |
||
| 300 | _a178 | ||
| 650 | _aNumbers | ||
| 690 | _aAlgebra | ||
| 906 | _a029515 | ||
| 999 |
_c80730 _d80730 |
||